75 largest cities/towns in Poland by population - Statistics

General Stats
  • This quiz has been taken 15 times
  • The average score is 38 of 75
Answer Stats
Population Voivodeship City/town name % Correct
779,966 Lesser Poland Kraków
100%
672,185 Łódź Łódź
100%
532,048 Greater Poland Poznań
100%
1,794,166 Masovian Warszawa
100%
291,774 Silesian Katowice
93%
395,513 West Pomeranian Szczecin
93%
641,928 Lower Silesian Wrocław
93%
295,683 Podlaskie Białystok
87%
470,621 Pomeranian Gdańsk
87%
245,867 Pomeranian Gdynia
87%
336,339 Lublin Lublin
87%
210,532 Masovian Radom
87%
201,106 Kuyavian-Pomeranian Toruń
87%
339,053 Kuyavian-Pomeranian Bydgoszcz
80%
219,278 Silesian Częstochowa
80%
194,218 Świętokrzyskie Kielce
80%
171,853 Warmian-Masurian Olsztyn
80%
196,821 Podkarpackie Rzeszów
80%
164,447 Silesian Bytom
67%
119,097 Warmian-Masurian Elbląg
67%
178,186 Silesian Gliwice
67%
171,691 Silesian Zabrze
67%
141,280 Lubusz Zielona Góra
67%
170,303 Silesian Bielsko-Biała
60%
123,341 Lubusz Gorzów Wielkopolski
60%
99,072 Lower Silesian Legnica
60%
110,603 Lower Silesian Wałbrzych
60%
108,177 Lesser Poland Tarnów
53%
127,307 Silesian Tychy
53%
63,223 Lublin Zamość
53%
61,588 Lublin Chełm
47%
107,443 Silesian Chorzów
47%
62,125 Warmian-Masurian Ełk
47%
94,076 Kuyavian-Pomeranian Grudziądz
47%
99,761 Greater Poland Kalisz
47%
106,880 West Pomeranian Koszalin
47%
72,142 Lower Silesian Lubin
47%
118,989 Masovian Płock
47%
90,320 Pomeranian Słupsk
47%
198,996 Silesian Sosnowiec
47%
70,126 Podlaskie Suwałki
47%
57,194 Lublin Biała Podlaska
40%
66,627 Lower Silesian Głogów
40%
72,561 Kuyavian-Pomeranian Inowrocław
40%
83,762 Lesser Poland Nowy Sącz
40%
60,442 Podkarpackie Przemyśl
40%
137,030 Silesian Ruda Śląska
40%
137,782 Silesian Rybnik
40%
78,258 Masovian Siedlce
40%
109,347 Kuyavian-Pomeranian Włocławek
40%
118,899 Silesian Dąbrowa Górnicza
33%
67,968 Greater Poland Gniezno
33%
78,778 Lower Silesian Jelenia Góra
33%
73,176 Greater Poland Konin
33%
63,323 Greater Poland Leszno
33%
72,949 Greater Poland Piła
33%
62,489 Masovian Pruszków
33%
62,795 Podlaskie Łomża
27%
71,829 Greater Poland Ostrów Wielkopolski
27%
72,785 Łódź Piotrków Trybunalski
27%
67,753 West Pomeranian Stargard
27%
59,828 Pomeranian Tczew
27%
61,645 Łódź Tomaszów Mazowiecki
27%
62,670 Silesian Żory
27%
56,740 Łódź Bełchatów
20%
88,425 Silesian Jastrzębie-Zdrój
20%
90,759 Silesian Jaworzno
20%
60,383 Opole Kędzierzyn-Koźle
20%
60,229 Podkarpackie Mielec
20%
74,601 Silesian Mysłowice
20%
67,975 Świętokrzyskie Ostrowiec Świętokrzyski
20%
64,445 Łódź Pabianice
20%
66,587 Silesian Siemianowice Śląskie
20%
60,179 Podkarpackie Stalowa Wola
20%
61,756 Silesian Tarnowskie Góry
20%
No matching quizzes found
Score Distribution
Percent of People with Each Score
Percentile by Number Answered
Your Score History
You have not taken this quiz